Sedm set bank na mušce akvizic

Vlna akvizícií a fúzií bánk, ktorá zasiahla v minulom desaťročí USA, v budúcich štyroch rokoch poravdepodobne čaká aj Európu. Do roku 2010 by malo hlavne kvôli cezhraničným fúziám zmiznúť v Európe 700 bánk a na koncentrácii by mali zarobiť akcionári kupujúcich bánk, i klienti. Najväčšie ohlásené eur...

Descrizione completa

Salvato in:
Dettagli Bibliografici
Natura: Capitolo di libro
Lingua:ceco
Soggetti:
Tags: Aggiungi Tag
Nessun Tag, puoi essere il primo ad aggiungerne!!

MARC

LEADER 00000naa$a2200000$$$4500
001 0042020
005 20231010085740.6
041 0 |a cze 
044 |a CZ 
245 1 0 |a Sedm set bank na mušce akvizic 
520 |a Vlna akvizícií a fúzií bánk, ktorá zasiahla v minulom desaťročí USA, v budúcich štyroch rokoch poravdepodobne čaká aj Európu. Do roku 2010 by malo hlavne kvôli cezhraničným fúziám zmiznúť v Európe 700 bánk a na koncentrácii by mali zarobiť akcionári kupujúcich bánk, i klienti. Najväčšie ohlásené európske transakcie fúzií a akvizícií. 
610 2 0 |a banky 
610 2 0 |a fúzie 
610 2 0 |a koncentrácia 
610 2 0 |a USA 
610 2 0 |a Európa 
610 2 0 |a akvizícia